000 01282nam a2200325Ia 4500
001 ebr10326876
003 CaPaEBR
006 m u
007 cr cn|||||||||
008 960409s1996 enka sb 001 0 eng d
010 _z 96067700
020 _z0803978405
020 _z0803978413 (pbk.)
020 _z9780803978409
040 _aCaPaEBR
_cCaPaEBR
035 _a(OCoLC)464646271
050 1 4 _aRC337
_b.R4735 1996eb
245 0 0 _aResearch in counselling and psychotherapy
_h[electronic resource] :
_bpractical applications /
_cedited by Windy Dryden.
246 3 _aResearch in counseling and psychotherapy
260 _aLondon ;
_aThousand Oaks [Calif.] :
_bSage Publications,
_cc1996.
300 _ax, 263 p. :
_bill.
504 _aIncludes bibliographical references and index.
533 _aElectronic reproduction.
_bPalo Alto, Calif. :
_cebrary,
_d2009.
_nAvailable via World Wide Web.
_nAccess may be limited to ebrary affiliated libraries.
650 0 _aCounseling
_xResearch.
650 0 _aPsychotherapy
_xResearch.
655 7 _aElectronic books.
_2local
700 1 _aDryden, Windy.
710 2 _aebrary, Inc.
856 4 0 _uhttp://site.ebrary.com/lib/rucke/Doc?id=10326876
_zAn electronic book accessible through the World Wide Web; click to view
999 _c56117
_d56117